LIBRARY & INFORMATION CENTRE, KCAET, TAVANUR

ONLINE PUBLIC ACCESS CATALOGUE (OPAC)

Doop ke dan / (Record no. 6453)

MARC details
000 -LEADER
fixed length control field 00436cam a2200181ua 4500
041 ## - LANGUAGE CODE
Language code of text/sound track or separate title hin
082 ## - DEWEY DECIMAL CLASSIFICATION NUMBER
Classification number 891.54
Item number GIR/DO
100 ## - MAIN ENTRY--AUTHOR NAME
Personal name Girija Kumar Mathur, .
245 ## - TITLE STATEMENT
Title Doop ke dan /
250 ## - EDITION STATEMENT
Edition statement 2 /
260 ## - PUBLICATION, DISTRIBUTION, ETC. (IMPRINT)
Place of publication Kashi :
Name of publisher Bharatiya Jnanpeeth ,
Year of publication 1958.
300 ## - PHYSICAL DESCRIPTION
Number of Pages 164 ; .
942 ## - ADDED ENTRY ELEMENTS (KOHA)
Koha item type Books
Holdings
Withdrawn status Lost status Damaged status Home library Current library Date acquired Full call number Accession Number Koha item type
Withdrawn     KAUAET Sanskrit University 07/04/2012 891.54 2896 Books
free website counter